Statistics for F1: Driver Numbers Since 2014

Click here to take the quiz!

General Stats

  • This quiz has been taken 501 times
    (60 since last reset)
  • The average score is 39 of 57

Answer Stats

Driver% Correct
Daniel Ricciardo
100%
Max Verstappen
100%
Lando Norris
98%
Fernando Alonso
96%
Lewis Hamilton
96%
Nico Hülkenberg
96%
Sebastian Vettel
96%
Yuki Tsunoda
96%
Esteban Ocon
94%
Logan Sargeant
94%
Pierre Gasly
94%
Valtteri Bottas
94%
Kimi Räikkönen
92%
Lance Stroll
92%
Sergio Pérez
92%
Alexander Albon
90%
Carlos Sainz Jr
90%
Charles Leclerc
90%
George Russell
90%
Kevin Magnussen
90%
Guanyu Zhou
88%
Nico Rosberg
85%
Mick Schumacher
83%
Oscar Piastri
83%
Nicholas Latifi
81%
Antonio Giovinazzi
79%
Romain Grosjean
79%
Nikita Mazepin
73%
Nyck de Vries
73%
Robert Kubica
71%
Daniil Kvyat
69%
Jack Aitken
67%
Jenson Button
67%
Liam Lawson
67%
Stoffel Vandoorne
67%
Oliver Bearman
65%
Felipe Massa
60%
Marcus Ericsson
60%
Jules Bianchi
58%
Pietro Fittipaldi
58%
Jolyon Palmer
46%
Sergey Sirotkin
44%
Pastor Maldonado
42%
Adrian Sutil
40%
Brendon Hartley
40%
Pascal Wehrlein
40%
Kamui Kobayashi
38%
Felipe Nasr
35%
Max Chilton
35%
Esteban Gutiérrez
33%
Jean-Éric Vergne
33%
Paul di Resta
29%
Rio Haryanto
29%
Roberto Merhi
21%
Alexander Rossi
17%
André Lotterer
17%
Will Stevens
17%

Score Distribution

Percentile by Number Answered

Percent of People with Each Score

Your Score History

You have not taken this quiz since the last reset